Quizzes
Events
Quiz Creation
Community
Videos
Private Events
Remove Ads
Sign In
Join for FREE
Feedback
Dark Mode
Quiz Categories
Sports
Geography
Music
Movies
Television
Just For Fun
Miscellaneous
History
Literature
Language
Science
Gaming
Entertainment
Religion
Holiday
For Kids
Quiz Lab
Recent
Popular Today
Quiz Kudos Today
Editor Picks
Curator Picks
Quizzes by...
Day
Popularity
Type
Ratings
Length
Year
Community
Subscriptions
Recent Discussions
Orange Saloon
Badges
Playlists
Quests
Create
Leaderboards
Showdown
Live 5
Trivia Bingo
Activity
Puzzle Library
Sporcle Events
Private Events
Virtual Trivia
Globe League
Become a Host
Pub Owners
SporcleCon
Opinionation
Our Games
Videos
Blog
Mobile Apps
Partnerships
Remove Ads and Go Orange
Feedback
Television
TV Characters
TV Show
Sitcom
Network
Friends
Reality Shows
Cast
South Park
Star Trek
The Simpsons
Doctor Who
Television
TV Characters
TV Show
Sitcom
Network
Friends
Reality Shows
Cast
South Park
Star Trek
The Simpsons
Doctor Who
Random Quiz
Search Sporcle
×
Quiz Lab
Quiz Lab
Television
Letter
Type in answers that appear in a list
Type in answers that appear in a list
Classic
Best Score? Go Orange.
True 'The Office' Fans A-Z Stats
Can you name the The Office A-Z v2?
By
cdill24
7m
26 Questions
4,392 Plays
4,392 Plays
4,392 Plays
Comments
Comments
Give Quiz Kudos
Give Quiz Kudos
-
- Ratings
hide this ad
Replay
Link that replays current quiz
Next Quiz
Link to next quiz in quiz playlist
You Got
0%
They Got
Avg Score
65%
Avg Friend Score
Upgrade to see
Score Distribution
Jump to the score distribution portion of the page
Score
0/26
Timer
07:00
0
Plays Today
Hint
% Correct
Andy takes a break from work and is sent here after punching a hole in the wall
Anger Management Training
93.6%
Jim and Pam get married at this famous place
Niagara Falls
86.3%
this character makes a video of Kevin as Cookie Monster
Oscar
86.3%
Michael burns his foot on this
George Foreman Grill
85.3%
'_
_
_
_
_
: what kind of bear is best?'
Question
83.8%
Dwight quits and works at this company for a short period of time
Staples
83.6%
Jim wears one of these to work to mock Dwight's dress code memo, Michael thinks he looks classy
Tuxedo
80.6%
Pam realizes she is pregnant after having one of these
X-ray
79%
Erin's first name
Kelly
76.8%
Dwight saves Michael from eating these and killing himself in the wilderness
(Poisonous) Mushrooms
66.9%
Is this actress hot? Michael unintentionally has the final say
Hillary Swank
66.8%
In Canada, Michael hooks up with a girl with this profession. He thinks it is an incredible job
Concierge
65.6%
Detective Michael Scarn's partner in crime Catherine_
_
_
Zeta Jones
64.4%
Hint
% Correct
After finding out Jim and Pam kissed, Roy freaks out at the bar and has to repay them with the money his brother got from selling these
Jet Skis
62.4%
'Is it me or does it smell like _
_
_
_
_
in here?'
Updog
62%
Michael says this word to Jan's dismay when answering a question, another word for yes
Yeppers
59.9%
Phyllis wins this game at the office olympics
Flonkerton
59.6%
Dwight hooks up with this girl at Jim and Pam's wedding
Isabel
59.5%
Michael's online dating site username, that way everyone will know exactly where his priorities are at
Littlekidlover
59.2%
Dwight puts a listening device in this and gives it to Jim as a gift
Wooden Mallard
58.3%
Creed recommends this drink for the vending machine
Red Bull
55.5%
Dwight buys all of this toy at Christmas time to sell to last minute Dads for a huge profit
Princess Unicorn
55%
Jim programs a macro to have this word appear when Dwight types his name
Diapers
53.1%
Michael buys this as an incentive prize for the best salesman, and uses it to try to woo the 'hot girl'
Espresso Machine
50.8%
When Michael is spreading rumors he accuses Toby of being this
Virgin
37.9%
A character Michael created that fell into acid eyes-
first. The women in his improv group hate him
Blind Guy Mcsqueezy
20.8%
Quiz Playlist
Details
Report
Send in Message
Add To Playlist
Classic:
Type in answers that appear in a list
Last Updated: Sep 21, 2017
Quiz Scoreboard
CHALLENGE
Sign Up to Join the Scoreboard
Show All
Scores
Hide
Comments
May contain spoilers
Recently Published
Click the 1999 NBA Draft
by nibperrychub
Sports
2m
Alphabetical 'K' Countries by Flag Minefield
by ylime102
Geography
3m
Pick 6: Fruits
by JohnFran
Miscellaneous
15s
More to Explore
Quiz From the Vault
Featured Blog Post
15 Basketball Trivia Facts You Can Be March Mad About
hide this ad
You Might Also Like...
Tags
Letter Quiz
A-Z
fan
office
The Office
Today's Top Quizzes in Television
Browse Television
hide this ad
Today's Top Quizzes in Letter
Browse Letter
Top Contributed Quizzes in Television
1
Hidden Simpsons Character
2
First Name TV: Leading Men
3
Hidden Simpsons Character XXIV
4
First Name TV: Leading Women Drama
5
Pick A Pair: Religious TV
6
Hidden Simpsons Character XXV
7
Demon Slayer Impossible Quiz
8
Hidden Simpsons Character XXVI
9
One Piece Logic Puzzle
10
I See Dead People
Explore More
Trending Topics
Disney
Harry Potter
Kpop
Marvel
Crossword
NBA
Anime
Soccer
Song
WWE
Country
Pokémon
The Office
NFL
Puzzle
hide this ad
More By:
cdill24
Quiz
Plays
Rating
Category
Featured
Created
Top 25 Polluting Countries
6,438
4.54
Geography
May 11, 2010
True 'The Office' Fans A-Z
4,392
4.21
Television
Jun 24, 2010
Countries Left Out of World Cup
3,036
4.02
Sports
Jun 14, 2010
Person By Urban Dictionary Definition
1,028
4.00
Just For Fun
Apr 9, 2010
Top 25 Greenest Countries
878
4.33
Geography
May 25, 2010
Go to Creator's Profile
Score Distribution
Quiz Creator Spotlight
cdill24
Follow
Send a Message
Quizzes Created
-
Created Quiz Play Count
-
More By This Creator
Popular Quizzes Today
1
Countries of Asia Without Outlines Minefield
2
Find the US States - No Outlines Minefield
3
Pick 6: Fruits
4
Alphabetical 'K' Countries by Flag Minefield
5
The Countries of the World
6
Find the US States
7
US States
8
Match the Book to the Film X
More Television Quizzes
Dark Characters
Quiz Lab
Trending Quizzes
Pick 6: Harry Potter
Pick 6: Mountains
Pick 6: NFL Teams
Pick 6: Movie Franchises
Pick 6: Golfers
Recently Updated
NWSL Teams
pecheneg
Women's Final Four Teams by Year
bhenderson79
Presidents Quartet II
eogle
Anything But Clue(do)
eogle
Anything But Oceanian Capitals
eogle
Anything But 7
eogle
Anything But Thing
eogle
Word Ladder: February 29
pecheneg
Song Title Questions
pecheneg
Women's NCAA Tournament #1 Seeds
pecheneg
Trending Topics
Crossword
Kpop
Anime
Disney
Marvel
NBA
Harry Potter
Pokémon
NFL
Song
The Office
Soccer
Puzzle
Country
WWE
Your Account Isn't Verified!
In order to create a playlist on Sporcle, you need to verify the email address you used during registration. Go to your
Sporcle Settings
to finish the process.
Report this User
Report this user for behavior that violates our
Community Guidelines
.
Details:
Send Report
Go to the Sporcle.com Mobile Site →
Comments